Women & cross border trade in East Africa : (Record no. 201)

MARC details
000 -LEADER
fixed length control field 01294cam a22003374a 4500
001 - CONTROL NUMBER
control field 15368152
003 - CONTROL NUMBER IDENTIFIER
control field OSt
005 - DATE AND TIME OF LATEST TRANSACTION
control field 20230602153224.0
008 - FIXED-LENGTH DATA ELEMENTS--GENERAL INFORMATION
fixed length control field 080716s2006 ke b 000 0 eng c
010 ## - LIBRARY OF CONGRESS CONTROL NUMBER
LC control number 2008349827
020 ## - INTERNATIONAL STANDARD BOOK NUMBER
International Standard Book Number 9966957642
035 ## - SYSTEM CONTROL NUMBER
System control number (OCoLC)ocn122269022
040 ## - CATALOGING SOURCE
Original cataloging agency CLU
Transcribing agency CLU
Modifying agency DLC
042 ## - AUTHENTICATION CODE
Authentication code pcc
-- lcode
043 ## - GEOGRAPHIC AREA CODE
Geographic area code fe-----
082 ## - DEWEY DECIMAL CLASSIFICATION NUMBER
Classification number 305.42
Item number EAC
100 ## - MAIN ENTRY--PERSONAL NAME
Titles and words associated with a name Friedrich Ebert Stiftung
Dates associated with a name 2006
245 00 - TITLE STATEMENT
Title Women & cross border trade in East Africa :
Remainder of title opportunities and challenges for small scale women traders /
Statement of responsibility, etc. the East African Community Customs Union.
246 3# - VARYING FORM OF TITLE
Title proper/short title Women and cross border trade in East Africa
260 ## - PUBLICATION, DISTRIBUTION, ETC. (IMPRINT)
Place of publication, distribution, etc. Nairobi :
Name of publisher, distributor, etc. Friedrich Ebert Stiftung :
-- Collaborative Centre for Gender and Development,
Date of publication, distribution, etc. 2006.
300 ## - PHYSICAL DESCRIPTION
Extent 62 p. ;
Dimensions 21 cm.
504 ## - BIBLIOGRAPHY, ETC. NOTE
Bibliography, etc Includes bibliographical references (p. 62).
610 20 - SUBJECT ADDED ENTRY--CORPORATE NAME
Corporate name or jurisdiction name as entry element East African Community.
Subordinate unit Customs Union.
650 #0 - SUBJECT ADDED ENTRY--TOPICAL TERM
Topical term or geographic name as entry element Women
Geographic subdivision Africa, Eastern
General subdivision Economic conditions.
651 #0 - SUBJECT ADDED ENTRY--GEOGRAPHIC NAME
Geographic name Africa, Eastern
General subdivision Commerce.
710 2# - ADDED ENTRY--CORPORATE NAME
Corporate name or jurisdiction name as entry element East African Community.
Subordinate unit Customs Union.
710 2# - ADDED ENTRY--CORPORATE NAME
Corporate name or jurisdiction name as entry element Collaborative Centre for Gender and Development (Nairobi, Kenya)
906 ## - LOCAL DATA ELEMENT F, LDF (RLIN)
a 7
b cbc
c pccadap
d 3
e ncip
f 20
g y-gencatlg
942 ## - ADDED ENTRY ELEMENTS (KOHA)
Source of classification or shelving scheme Dewey Decimal Classification
Koha item type Books
Holdings
Withdrawn status Lost status Source of classification or shelving scheme Damaged status Not for loan Home library Current library Date acquired Total Checkouts Full call number Barcode Date last seen Price effective from Koha item type
    Dewey Decimal Classification     Bunge Tower Library Bunge Tower Library 06/02/2023   305.42 EAC 10015310 06/02/2023 06/02/2023 Books
    Dewey Decimal Classification     Bunge Tower Library Bunge Tower Library 06/02/2023   305.42 EAC 10014414 06/02/2023 06/02/2023 Books
LIBRARY OPENING HOURS

When the Parliament is sitting: 8.00a.m - 7.00p.m or until the house adjourns
Mondays and Fridays and when the House is on Recess:  8.00a.m - 5.00p.m
Closed on Weekends and Public Holidays

Online Public Access Catalog (OPAC)
Website: http://www.parliament.go.ke
Bunge Library: https://libraryir.parliament.go.ke
Contact: library@parliament.go.ke | Tel no: (254-2)2221291 or 2848000 Ext 5043